000 00704 a2200217 4500
001 216222718
003 UA-OsUOA
005 20220912151343.0
008 220825b un ||||| |||| 00| 0 ukr d
040 _aUA-OsUOA
_bukr
_cUA-OsUOA
_dUA-OsUOA
041 _aukr
080 _a050
090 _a050
_bА56
245 _aАльманах Української Католицької Парохії святої Покрови.
260 _aЙорктон
_c1951
300 _a58 с.
650 _2UDC
_a050 Періодика
942 _cMGN
_2udc
955 _a0
999 _c573022
_d573022